|
|
|
|
| LEADER |
00000cam a2200000 4500 |
| 001 |
vtls011888089 |
| 003 |
SK-MaSNL |
| 005 |
20260301224749.0 |
| 008 |
210624s2019 xo da drp 000 0 slo |
| 015 |
|
|
|a SNBA2019/10
|
| 020 |
|
|
|a 9788010036318
|q (brožované)
|
| 035 |
|
|
|a urn:nbn:sk:snk-am00dtgh
|
| 035 |
|
|
|a urn:nbn:sk:snk-am3i7mo
|
| 035 |
|
|
|a FCED4FFD-E80D-48EA-9291-D6879CC6F6FB
|
| 040 |
|
|
|a SNK
|b slo
|c SNK
|e rda
|
| 041 |
0 |
|
|a slo
|
| 044 |
|
|
|a xo
|c SK
|
| 072 |
|
7 |
|a 51
|x Matematika
|2 konspekt
|
| 080 |
|
|
|a 51
|2 2011
|
| 080 |
|
|
|a 5[37+004.855.5]
|2 2011
|
| 080 |
|
|
|a (075.3)
|2 2011
|
| 080 |
|
|
|a (076.1/.3)
|2 2011
|
| 100 |
1 |
|
|a Kolbaská Viera
|4 aut
|9 258209
|
| 245 |
1 |
0 |
|a Zbierka úloh z matematiky
|b pre stredné odborné školy
|n 1. časť
|c Viera Kolbaská - Jarmila Janisková - František Jirásek - Karel Braniš - Stanislav Horák - Milan Vacek
|
| 250 |
|
|
|a Desiate vydanie
|
| 264 |
|
1 |
|a Bratislava
|b Slovenské pedagogické nakladateľstvo
|c 2019
|
| 300 |
|
|
|a 436 strán
|b schémy, tabuľky, vzorce
|c 21 cm
|
| 336 |
|
|
|a text
|b txt
|2 rdacontent
|
| 337 |
|
|
|a bez média
|b n
|2 rdamedia
|
| 338 |
|
|
|a zväzok
|b nc
|2 rdacarrier
|
| 650 |
0 |
7 |
|a matematika
|2 SNKPH
|9 70174
|
| 650 |
0 |
7 |
|a matematické príklady
|2 SNKPH
|9 106247
|
| 650 |
0 |
7 |
|a Mathematics
|2 SNKPHeng
|9 265620
|
| 650 |
0 |
7 |
|a Matematical examples
|2 SNKPHeng
|9 434070
|
| 655 |
|
7 |
|a učebnice stredných škôl
|2 SNKPH
|9 69323
|
| 655 |
|
7 |
|a zbierky úloh
|2 SNKPH
|9 70562
|
| 655 |
|
7 |
|a Secondary school textbooks
|2 SNKPHeng
|9 135487
|
| 655 |
|
7 |
|a Examinations, questions etc.
|2 SNKPHeng
|9 286217
|
| 700 |
1 |
|
|a Janisková, Jarmila
|4 aut
|9 44566
|
| 700 |
1 |
|
|a Jirásek, František,
|d 1938-
|4 aut
|9 132152
|
| 700 |
1 |
|
|a Braniš, Karel
|4 aut
|9 43019
|
| 700 |
1 |
|
|a Horák, Stanislav,
|d 1937-
|4 aut
|9 108352
|
| 700 |
1 |
|
|a Vacek, Milan
|4 aut
|9 258513
|
| 919 |
|
|
|a 978-80-10-03631-8
|
| 999 |
|
|
|c 948500
|d 950430
|
| 952 |
|
|
|a SNK
|b SNK
|y PREZ
|7 0
|p 17A1390810
|o snkSC 186186/1
|i snk2019/26328
|8 0
|0 0
|1 0
|4 0
|d 2019-10-16
|f 1
|l 0
|r 2026-02-24 09:40:36
|w 2026-02-24
|
| 952 |
|
|
|a SNK
|b SNK
|y VYP
|7 0
|p 17A1390811
|o snkSC 186186/1 D1
|i snk2019/26329
|8 0
|0 0
|1 0
|4 0
|d 2019-10-16
|l 0
|r 2026-02-24 09:40:36
|w 2026-02-24
|